000 00509nam a2200145 a 4500
001 000040340
005 20201002034053.0
008 130822s1961 cu 000 0 spa d
040 _aDO-SdBNP
_bspa
_cBNPHU
100 1 _aRodríguez Rivero, Luis
_966637
245 1 0 _aValoración de Lincoln según Martí /
_cLuis Rodríguez Rivero ; prólogo Emilio Roig de Leuchsenring.
260 _aLa Habana :
_bEditora la Verdad,
_c1961.
300 _a29 p. ;
_c22 cm.
700 1 _aRoig de Leuchsenring, Emilio
_epról.
_966638
999 _c39830
_d39830